The Legend Of Zelda: Oracle Of Seasons/Ages Bosses - Statistics

General Stats
  • This quiz has been taken 10 times
  • The average score is 10 of 21
Answer Stats
Game Boss % Correct
Oracle Of Seasons Gleeok
88%
Oracle Of Seasons Dodongo
75%
Linked Game Ganon
75%
Oracle Of Seasons General Onox
75%
Oracle Of Seasons Manhandla
75%
Linked Game Twinrova
75%
Oracle Of Seasons Aquamentus
63%
Oracle Of Seasons Digdogger
63%
Oracle Of Seasons Mothula
63%
Oracle Of Ages Veran
63%
Oracle Of Seasons Gohma
50%
Oracle Of Seasons Medusa Head
50%
Oracle Of Ages Pumpkin Head
38%
Oracle Of Ages Octogon
25%
Oracle Of Ages Possessed Nayru
25%
Oracle Of Ages Ramrock
25%
Oracle Of Ages Head Thwomp
13%
Oracle Of Ages Plasmarine
13%
Oracle Of Ages Shadow Hag
13%
Oracle Of Ages Smog
13%
Oracle Of Ages Eyesoar
0%
No matching quizzes found
Score Distribution
Percent of People with Each Score
Percentile by Number Answered
Your Score History
You have not taken this quiz